Management : (Record no. 6338)

MARC details
000 -LEADER
fixed length control field 00547cam a2200217ua 4500
001 - CONTROL NUMBER
control field 7218
005 - DATE AND TIME OF LATEST TRANSACTION
control field 20260515114154.0
008 - FIXED-LENGTH DATA ELEMENTS--GENERAL INFORMATION
fixed length control field 141204n ii |||gr||||Z||||||eng
020 ## - INTERNATIONAL STANDARD BOOK NUMBER
International Standard Book Number 9780195694451
040 ## - CATALOGING SOURCE
Transcribing agency MAIN
041 ## - LANGUAGE CODE
Language code of text/sound track or separate title eng
082 ## - DEWEY DECIMAL CLASSIFICATION NUMBER
Classification number 658
100 ## - MAIN ENTRY--PERSONAL NAME
Personal name Bhat, Anil,
Relator term Author.,
245 ## - TITLE STATEMENT
Title Management :
Remainder of title Principles, processes and practices /
Statement of responsibility, etc. By Anil Bhat .
250 ## - EDITION STATEMENT
Edition statement 5th rev.
260 ## - PUBLICATION, DISTRIBUTION, ETC.
Place of publication, distribution, etc. New Delhi:
Name of publisher, distributor, etc. Oxford,
Date of publication, distribution, etc. 2010.
300 ## - PHYSICAL DESCRIPTION
Extent 590p.
653 ## - INDEX TERM--UNCONTROLLED
Uncontrolled term General management
700 ## - ADDED ENTRY--PERSONAL NAME
Personal name Kumar, A.,
Relator term Author.,
942 ## - ADDED ENTRY ELEMENTS (KOHA)
Koha item type Books
Holdings
Withdrawn status Lost status Damaged status Not for loan Home library Current library Shelving location Date acquired Total checkouts Full call number Barcode Date last seen Copy number Price effective from Koha item type
        Naharkatiya College Library Naharkatiya College Library General stacks 09/19/2020   658 | BHA 21044 09/19/2020 2 09/19/2020 Books
        Naharkatiya College Library Naharkatiya College Library General stacks 09/19/2020   658 | BHA 21045 09/15/2025 1 09/19/2020 Books